|
|
|
|
| LEADER |
02820nam a2200541 a 4500 |
| 001 |
nkc20142574323 |
| 003 |
CZ PrNK |
| 005 |
20140612165229.0 |
| 007 |
ta |
| 008 |
140429s2014 xr a f 100 0 rus |
| 015 |
|
|
|a cnb002574323
|
| 020 |
|
|
|a 978-80-87786-97-0
|q (brož.)
|
| 035 |
|
|
|a (OCoLC)880868835
|
| 040 |
|
|
|a ABA001
|b cze
|d OLA001
|
| 041 |
1 |
|
|a rus
|a eng
|b eng
|h rus
|
| 072 |
|
7 |
|a 377
|x Odborné vzdělávání
|2 Konspekt
|9 22
|
| 080 |
|
|
|a 377
|2 MRF
|
| 080 |
|
|
|a 331.101.3
|2 MRF
|
| 080 |
|
|
|a (062.534)
|2 MRF
|
| 111 |
2 |
|
|a Professionalizing of a Personality at Educational Institutes and Practical Activities: Theoretical and Practical Problems of Sociology, Labor Psychology and Professional Education
|d (2014 :
|c Praha, Česko)
|7 kn20140513005
|
| 245 |
1 |
0 |
|a Professionalizing of a Personality at Educational Institutes and Practical Activities: Theoretical and Practical Problems of Sociology, Labor Psychology and Professional Education :
|b materials of the international scientific conference on February 10-11, 2014 /
|c [editorial board Kirillov Ivan Lvovich, Devyatych Sergey Yuryevich, Shapovalova Irina Alexandrovna]
|
| 260 |
|
|
|a Prague :
|b Vědecko vydavatelské centrum "Sociosféra - CZ",
|c 2014
|
| 300 |
|
|
|a 145 s. :
|b il. ;
|c 21 cm
|
| 500 |
|
|
|a Nad názvem: Science Publishing Center "Sociosphere-CZ"; Institute of Psycho-Pedagogical Problems of Childhood of the Russian Academy of Education; Vitebsk State Medical University of Order of Peoples' Friendship
|
| 500 |
|
|
|a 100 výt.
|
| 504 |
|
|
|a Obsahuje bibliografické odkazy
|
| 546 |
|
|
|a Ruský text, část. souběžný anglický text, anglická resumé
|
| 650 |
0 |
7 |
|a odborné vzdělávání
|7 ph115558
|2 czenas
|
| 650 |
0 |
7 |
|a profesní příprava
|7 ph134694
|2 czenas
|
| 650 |
0 |
7 |
|a psychologie práce
|7 ph115952
|2 czenas
|
| 650 |
0 |
9 |
|a psychology of work
|2 eczenas
|
| 650 |
0 |
9 |
|a vocational education
|2 eczenas
|
| 650 |
0 |
9 |
|a professional training
|2 eczenas
|
| 650 |
0 |
9 |
|a psychology of work
|2 eczenas
|
| 655 |
|
7 |
|a sborníky konferencí
|7 fd133333
|2 czenas
|
| 655 |
|
9 |
|a proceedings of conferences
|2 eczenas
|
| 700 |
1 |
|
|a Kirillov, Ivan L'vovič
|7 ola2013792996
|4 edt
|
| 700 |
1 |
|
|a Devjatych, Sergej Jur'jevič
|7 mzk2013788907
|4 edt
|
| 700 |
1 |
|
|a Šapovalova, Irina Aleksandrovna
|7 jo2014820057
|4 edt
|
| 710 |
2 |
|
|a Vědecko vydavatelské centrum "Sociosféra-CZ"
|7 ko2013758857
|
| 710 |
2 |
|
|a Institut psichologo-pedagogičeskich problem detstva (Rossijskaja akademija obrazovanija)
|7 olak2013751845
|
| 710 |
2 |
|
|a Vitebskij gosudarstvennyj ordena Družby narodov medicinskij universitet
|7 olak2013751852
|
| 910 |
2 |
|
|a BOA001
|b 2-1325.816
|
| 928 |
9 |
|
|a Sociosféra - CZ
|
| 990 |
|
|
|a BK
|
| 995 |
|
|
|a 01
|
| 991 |
|
|
|b 201405
|c NOV
|e n
|
| 996 |
6 |
|
|b 2610590731
|c 2-1325.816
|l MZK
|r Sklad / do 1 hodiny
|n 0
|p p.v.
|w 001419601
|u 000010
|a 1
|e BOA001
|j MZK50
|s P
|